Atlas of isoseismal maps of Italian earthquakes (Record no. 10901)

MARC details
000 -LEADER
fixed length control field 00333nam a2200133Ia 4500
082 ## - DEWEY DECIMAL CLASSIFICATION NUMBER
Classification number RR 912.1551220945 AT
245 #0 - TITLE STATEMENT
Title Atlas of isoseismal maps of Italian earthquakes
260 ## - PUBLICATION, DISTRIBUTION, ETC. (IMPRINT)
Place of publication Bolonga
Year of publication 1985
300 ## - PHYSICAL DESCRIPTION
Number of Pages 164
650 ## - SUBJECT ADDED ENTRY--TOPICAL TERM
Topical Term Atlases
Geographic subdivision Italy
650 ## - SUBJECT ADDED ENTRY--TOPICAL TERM
Topical Term Earthquakes
Form subdivision Maps
Geographic subdivision Italy
700 ## - ADDED ENTRY--PERSONAL NAME
Personal name Postpischl, D.
942 ## - ADDED ENTRY ELEMENTS (KOHA)
Koha item type Books
Source of classification or shelving scheme Dewey Decimal Classification
Holdings
Withdrawn status Lost status Damaged status Not for loan Home library Current library Date acquired Bill Date Full call number Accession Number Price effective from Koha item type
        NASSDOC Library NASSDOC Library 08/10/2004 2004-10-22 RR 912.1551220945 AT 23590 18/04/2019 Books